000 00463nam a22001577a 4500
003 NUST - PNEC
005 20170116180952.0
008 150908b xxu||||| |||| 00| 0 eng d
040 _cLIBRARY
082 _a621.317 GOT
100 _98723
_aGottlieb, Irving M.
245 _aPower supplies
_bswitching regulators, inverters, & converters
_cIrving M. Gottlieb
260 _c1985
650 _99220
_aElectric power supplies to apparatus
_xEL, EE
942 _2ddc
_cBK
999 _c66472
_d66472